<?xml version="1.0" encoding="UTF-8"?>
<record
    xmlns:xsi="http://www.w3.org/2001/XMLSchema-instance"
    xsi:schemaLocation="http://www.loc.gov/MARC21/slim http://www.loc.gov/standards/marcxml/schema/MARC21slim.xsd"
    xmlns="http://www.loc.gov/MARC21/slim">

  <leader>01602nam a22002657a 4500</leader>
  <controlfield tag="001">1493</controlfield>
  <controlfield tag="005">20231002103624.0</controlfield>
  <datafield tag="020" ind1=" " ind2=" ">
    <subfield code="a">9789924341246</subfield>
  </datafield>
  <datafield tag="040" ind1=" " ind2=" ">
    <subfield code="a">FISKH </subfield>
    <subfield code="b">eng </subfield>
    <subfield code="c">FISKH </subfield>
    <subfield code="d">FISKH </subfield>
  </datafield>
  <datafield tag="082" ind1=" " ind2=" ">
    <subfield code="a">001.9</subfield>
  </datafield>
  <datafield tag="100" ind1=" " ind2=" ">
    <subfield code="a">Sophal, Bot </subfield>
  </datafield>
  <datafield tag="245" ind1=" " ind2=" ">
    <subfield code="a">&#x17A2;&#x178F;&#x17D2;&#x179A;&#x17B6;&#x1793;&#x17BB;&#x1780;&#x17BC;&#x179B;&#x178A;&#x17D2;&#x178B;&#x17B6;&#x1793; / </subfield>
    <subfield code="b">&#x17AF;&#x1780;&#x179F;&#x17B6;&#x179A;&#x1785;&#x17C6;&#x178E;&#x17C1;&#x17C7;&#x178A;&#x17B9;&#x1784;&#x200B; : </subfield>
  </datafield>
  <datafield tag="260" ind1=" " ind2=" ">
    <subfield code="a">Phnom Penh : </subfield>
    <subfield code="b">Sipar, </subfield>
    <subfield code="c">2021.</subfield>
  </datafield>
  <datafield tag="300" ind1=" " ind2=" ">
    <subfield code="a">43 pages : </subfield>
    <subfield code="b">color illustrations ; </subfield>
    <subfield code="c">25 cm </subfield>
  </datafield>
  <datafield tag="490" ind1=" " ind2=" ">
    <subfield code="a">&#x178F;&#x1798;&#x17D2;&#x179A;&#x1784;&#x17CB;&#x1791;&#x17B7;&#x179F;&#x179C;&#x17B7;&#x1787;&#x17D2;&#x1787;&#x17B6;&#x1787;&#x17B8;&#x179C;&#x17C8; </subfield>
  </datafield>
  <datafield tag="505" ind1=" " ind2=" ">
    <subfield code="a">Z'
</subfield>
  </datafield>
  <datafield tag="520" ind1=" " ind2=" ">
    <subfield code="a">&#x1787;&#x17B6;&#x17AF;&#x1780;&#x179F;&#x17B6;&#x179A;&#x1785;&#x17C6;&#x178E;&#x17C1;&#x17C7;&#x178A;&#x17B9;&#x1784;&#x178A;&#x17C2;&#x179B;&#x1794;&#x1784;&#x17D2;&#x17A0;&#x17B6;&#x1789;&#x1796;&#x17B8;&#x1794;&#x17C2;&#x1794;&#x1794;&#x1791; &#x1793;&#x17B7;&#x1784;&#x1793;&#x17B7;&#x178F;&#x17B7;&#x179C;&#x17B7;&#x1792;&#x17B8;&#x1780;&#x17D2;&#x1793;&#x17BB;&#x1784;&#x1780;&#x17B6;&#x179A;&#x1792;&#x17D2;&#x179C;&#x17BE;&#x17AF;&#x1780;&#x179F;&#x17B6;&#x179A;&#x1793;&#x17B6;&#x1793;&#x17B6;&#x178A;&#x17C2;&#x179B;&#x1791;&#x17B6;&#x1780;&#x17CB;&#x1791;&#x1784;&#x1793;&#x17B9;&#x1784;&#x17A2;&#x17B6;&#x1796;&#x17B6;&#x17A0;&#x17CD;&#x1796;&#x17B7;&#x1796;&#x17B6;&#x17A0;&#x17CD; &#x1780;&#x17C6;&#x178E;&#x17BE;&#x178F; &#x1793;&#x17B7;&#x1784;&#x1798;&#x179A;&#x178E;&#x1797;&#x17B6;&#x1796; &#x179A;&#x17BD;&#x1798;&#x1791;&#x17B6;&#x17C6;&#x1784;&#x179F;&#x17B6;&#x179A;&#x17C8;&#x179F;&#x17C6;&#x1781;&#x17B6;&#x1793;&#x17CB; &#x1793;&#x17B7;&#x1784;&#x1794;&#x1789;&#x17D2;&#x17A0;&#x17B6;&#x1794;&#x17D2;&#x179A;&#x1788;&#x1798;&#x1793;&#x17B6;&#x1793;&#x1793;&#x17C3;&#x1780;&#x17B6;&#x179A;&#x1781;&#x1780;&#x1781;&#x17B6;&#x1793;&#x1798;&#x17B7;&#x1793;&#x1794;&#x17B6;&#x1793;&#x1794;&#x17C6;&#x1796;&#x17C1;&#x1789;&#x17AF;&#x1780;&#x179F;&#x17B6;&#x179A;&#x1796;&#x17B6;&#x1780;&#x17CB;&#x1796;&#x17D0;&#x1793;&#x17D2;&#x1792;&#x1791;&#x17B6;&#x17C6;&#x1784;&#x1793;&#x17C4;&#x17C7;&#x17D4; </subfield>
  </datafield>
  <datafield tag="520" ind1=" " ind2=" ">
    <subfield code="a">A knowledge document that outlines the procedures and procedures for filing documents related to marriage, birth, and death, as well as the importance and challenges of failing to complete the relevant documents.</subfield>
  </datafield>
  <datafield tag="521" ind1=" " ind2=" ">
    <subfield code="a">1120


</subfield>
    <subfield code="b">Lexile estimate
</subfield>
  </datafield>
  <datafield tag="521" ind1=" " ind2=" ">
    <subfield code="a">Z'
</subfield>
    <subfield code="b">Raz-Plus
</subfield>
  </datafield>
  <datafield tag="650" ind1=" " ind2=" ">
    <subfield code="a">&#x1785;&#x17C6;&#x178E;&#x17C1;&#x17C7;&#x178A;&#x17B9;&#x1784; </subfield>
    <subfield code="v">&#x179F;&#x17C6;&#x1781;&#x17B6;&#x1793;&#x17CB; </subfield>
    <subfield code="x">&#x1794;&#x1789;&#x17D2;&#x17A0;&#x17B6; </subfield>
  </datafield>
  <datafield tag="650" ind1=" " ind2=" ">
    <subfield code="a">Knowledge </subfield>
    <subfield code="v">Important </subfield>
    <subfield code="x">Problem </subfield>
  </datafield>
  <datafield tag="700" ind1=" " ind2=" ">
    <subfield code="a">Visoth, Seng </subfield>
    <subfield code="c">illustrator </subfield>
  </datafield>
  <datafield tag="942" ind1=" " ind2=" ">
    <subfield code="2">ddc</subfield>
    <subfield code="c">BK</subfield>
    <subfield code="n">0</subfield>
  </datafield>
  <datafield tag="999" ind1=" " ind2=" ">
    <subfield code="c">1493</subfield>
    <subfield code="d">1493</subfield>
  </datafield>
  <datafield tag="952" ind1=" " ind2=" ">
    <subfield code="0">0</subfield>
    <subfield code="1">0</subfield>
    <subfield code="2">ddc</subfield>
    <subfield code="4">0</subfield>
    <subfield code="7">0</subfield>
    <subfield code="8">KHMERNF</subfield>
    <subfield code="a">001</subfield>
    <subfield code="b">001</subfield>
    <subfield code="c">RHTK2</subfield>
    <subfield code="d">2023-08-28</subfield>
    <subfield code="l">0</subfield>
    <subfield code="o">SOP 001.9</subfield>
    <subfield code="p">2023-0397</subfield>
    <subfield code="r">2023-08-28 16:04:18</subfield>
    <subfield code="t">1</subfield>
    <subfield code="w">2023-08-28</subfield>
    <subfield code="y">BK</subfield>
  </datafield>
  <datafield tag="952" ind1=" " ind2=" ">
    <subfield code="0">0</subfield>
    <subfield code="1">0</subfield>
    <subfield code="2">ddc</subfield>
    <subfield code="4">0</subfield>
    <subfield code="7">0</subfield>
    <subfield code="8">KHMERNF</subfield>
    <subfield code="a">001</subfield>
    <subfield code="b">001</subfield>
    <subfield code="c">RHTK2</subfield>
    <subfield code="d">2023-08-28</subfield>
    <subfield code="l">1</subfield>
    <subfield code="o">SOP 001.9</subfield>
    <subfield code="p">2023-0398</subfield>
    <subfield code="r">2025-05-26 09:43:29</subfield>
    <subfield code="s">2025-05-21</subfield>
    <subfield code="t">2</subfield>
    <subfield code="w">2023-08-28</subfield>
    <subfield code="y">BK</subfield>
  </datafield>
</record>
